000 00751nam a2200193Ii 4500
003 JO-AjNU
008 230605s9999||||xx |||||||||||||| ||und||
040 _aJO-AjNU
_bara
_erda
_cJO-AjNU
041 _aara
050 1 4 _aSH155.5.M86 1999
100 3 _aجامعة الدول العربية ,
_eauthor
_913727
245 0 0 _aحلقة العمل القومية حول تعزيز البحوث المشتركة في مجال تطوير كفاءة استخدام الموارد المائية في الدول العربية
264 3 1 _aالخرطوم : د.ن ، 1999
300 _a326ص
336 _atext
_btxt
_2rdacontent
337 _aunmediated
_bn
_2rdamedia
338 _avolume
_bnc
_2rdacarrier
650 4 _aالمواردالمائية
_913728
999 _aA3492
_c7060
_d7060